| 000 | 01279cam a22002891i 4500 | ||
|---|---|---|---|
| 003 | SA-RiAUC | ||
| 005 | 20241127141336.0 | ||
| 008 | 241126s1978 ku a g b f00000 ara c | ||
| 040 |
_aSA-JeALM _bara _cSA-RiAUC _erda |
||
| 082 | 0 | 4 |
_a327 _qSA-RiAUC |
| 090 |
_a327 _bش ك ر |
||
| 100 | 1 |
_aشكري، محمد عزيز، _d1937- _eمؤلف. |
|
| 245 | 1 | 2 |
_aالأحلاف والتكتلات في السياسة العالمية / _cمحمد عزيز شكري. |
| 264 | 1 |
_aالكويت : _bالمجلس الوطني للثقافة والفنون والآداب، _c1978 |
|
| 300 |
_a252 صفحة : _bمصور ؛ _c24 سم. |
||
| 336 |
_aنص _btxt _2rdacontent _3كتاب |
||
| 337 |
_aبدون وسيط _bn _2rdamedia |
||
| 338 |
_aمجلد _bnc _2rdacarrier |
||
| 490 | 1 |
_aعالم المعرفة / المجلس الوطني للثقافة والفنون والآداب، الكويت ؛ _v7 |
|
| 504 | _aببليوجرافية : صفحة 239-252. | ||
| 650 | 7 |
_aالسياسة الدولية _2aucsh |
|
| 650 | 7 |
_aالأحلاف _2aucsh |
|
| 650 | 7 |
_aالأحلاف العسكرية _2aucsh |
|
| 830 | 0 |
_aعالم المعرفة (المجلس الوطني للثقافة والفنون والآداب) _v7 |
|
| 942 |
_2ddc _cBOOK _n0 |
||
| 949 |
_aSA-JeALM _d241126 _uosman123 _n1 |
||
| 999 |
_c2811 _d2811 |
||